<?xml version="1.0" encoding="UTF-8"?>
<record
    xmlns:xsi="http://www.w3.org/2001/XMLSchema-instance"
    xsi:schemaLocation="http://www.loc.gov/MARC21/slim http://www.loc.gov/standards/marcxml/schema/MARC21slim.xsd"
    xmlns="http://www.loc.gov/MARC21/slim">

  <leader>02186nam a22002417a 4500</leader>
  <controlfield tag="003">DO-CoUTE</controlfield>
  <controlfield tag="005">20260428143645.0</controlfield>
  <controlfield tag="008">260428b        dr ||||| |||| 00| 0 spa d</controlfield>
  <datafield tag="020" ind1=" " ind2=" ">
    <subfield code="a">978-9945-643-39-8</subfield>
  </datafield>
  <datafield tag="040" ind1=" " ind2=" ">
    <subfield code="a">DO-CoUTE</subfield>
    <subfield code="b">spa</subfield>
    <subfield code="c">DO-CoUTE</subfield>
  </datafield>
  <datafield tag="082" ind1=" " ind2=" ">
    <subfield code="a">RD323.34C733v</subfield>
  </datafield>
  <datafield tag="110" ind1="1" ind2=" ">
    <subfield code="a">Comisi&#xF3;n de igualdad de genero del tribunal constitucional </subfield>
  </datafield>
  <datafield tag="245" ind1="1" ind2="0">
    <subfield code="a">Vision constitucional del derecho a la igualdad de genero / </subfield>
    <subfield code="b">Comisi&#xF3;n de igualdad de genero del tribunal constitucional </subfield>
    <subfield code="c">V&#xE1;squez Samuel Lino,  Beard Marcos, Alba Luisa,  Bonnelly Vega, Manuel Ulises, Santana, Mar&#xED;a del Carmen  V&#xE1;squez Acosta, Eunisin.  </subfield>
  </datafield>
  <datafield tag="260" ind1=" " ind2=" ">
    <subfield code="a">Republica Dominicana ; </subfield>
    <subfield code="b">IUDEX </subfield>
    <subfield code="c">2022</subfield>
  </datafield>
  <datafield tag="300" ind1=" " ind2=" ">
    <subfield code="a">364 Paginas : </subfield>
    <subfield code="c">23cm, </subfield>
  </datafield>
  <datafield tag="504" ind1=" " ind2=" ">
    <subfield code="a"> Incluye referencia bibliogr&#xE1;fica e &#xED;ndice.
</subfield>
  </datafield>
  <datafield tag="505" ind1=" " ind2=" ">
    <subfield code="a">Marco conceptual sobre g&#xE9;nero, perspectiva de g&#xE9;nero. Diferencia entre el derecho a la igualdad de g&#xE9;nero y la equidad de g&#xE9;nero | II. Interpretaci&#xF3;n constitucional y alcance del derecho a la igualdad y a la igualdad de g&#xE9;nero. Principios rectores | III. Antecedentes hist&#xF3;ricos del derecho a igualdad de g&#xE9;nero en am&#xE9;rica latina. Perspectiva de g&#xE9;nero en el derecho internacional de los derechos humanos | IV. Breve recorrido hist&#xF3;rico de los derechos de las mujeres en la constituci&#xF3;n dominicana. An&#xE1;lisis de las reformas constitucionales desde 1844 hasta nuestros d&#xED;as | V. Justicia constitucional, mujeres y g&#xE9;nero a la luz de la jurisprudencia del tribunal constitucional dominicano | VI. An&#xE1;lisis de sentencias constitucionales relevantes en materia de perspectiva de g&#xE9;nero, dictadas por los tribunales o asambleas constitucionales en Latinoam&#xE9;rica | VII. Justicia transicional y perspectiva de g&#xE9;nero | VIII. Derechos humanos laborales e igualdad de g&#xE9;nero | IX. Salud y derechos sexuales y reproductivos. Alcance y contenido | X. Acceso de las mujeres a la justicia XI. Cuota de g&#xE9;nero, participaci&#xF3;n pol&#xED;tica y conformaci&#xF3;n de las listas electorales |</subfield>
  </datafield>
  <datafield tag="650" ind1=" " ind2="4">
    <subfield code="a">Igualdad de genero </subfield>
  </datafield>
  <datafield tag="700" ind1="1" ind2=" ">
    <subfield code="a"> V&#xE1;squez Samuel, Lino </subfield>
    <subfield code="e">Autor </subfield>
  </datafield>
  <datafield tag="700" ind1="1" ind2=" ">
    <subfield code="a">Beard Marcos, Alba Luisa</subfield>
    <subfield code="e">Autor </subfield>
  </datafield>
  <datafield tag="700" ind1="1" ind2=" ">
    <subfield code="a"> Bonnelly Vega, Manuel Ulises </subfield>
    <subfield code="e">Autor </subfield>
  </datafield>
  <datafield tag="942" ind1=" " ind2=" ">
    <subfield code="2">ddc</subfield>
    <subfield code="c">BK</subfield>
  </datafield>
  <datafield tag="999" ind1=" " ind2=" ">
    <subfield code="c">24145</subfield>
    <subfield code="d">24145</subfield>
  </datafield>
  <datafield tag="952" ind1=" " ind2=" ">
    <subfield code="0">0</subfield>
    <subfield code="1">0</subfield>
    <subfield code="2">ddc</subfield>
    <subfield code="4">0</subfield>
    <subfield code="7">0</subfield>
    <subfield code="8">RD</subfield>
    <subfield code="a">BU</subfield>
    <subfield code="b">BU</subfield>
    <subfield code="c">GEN</subfield>
    <subfield code="d">2026-04-28</subfield>
    <subfield code="i">023860</subfield>
    <subfield code="l">0</subfield>
    <subfield code="o">RD323.34C733v</subfield>
    <subfield code="p">023860</subfield>
    <subfield code="r">2026-04-28 14:38:12</subfield>
    <subfield code="t">Ej.1</subfield>
    <subfield code="w">2026-04-28</subfield>
    <subfield code="y">BK</subfield>
  </datafield>
</record>
